Score 0/25 Timer 07:00
6 Plays Today
# City % Correct
1San Francisco (Golden Gate Bridge)
96.8%
6New York (Statue of Liberty)
96.8%
4Washington (White House)
96.4%
7Seattle (Space Needle)
92.1%
15Los Angeles (Hollywood Sign)
86.1%
19St. Louis (Gateway Arch)
79.5%
2San Antonio (The Alamo)
66.2%
11Las Vegas (New York-New York Hotel & Casino)
64.9%
8Philadelphia (Independence Hall)
60.2%
16Chicago (Cloud Gate)
53.3%
5Louisville (Churchill Downs)
48.5%
20Toronto (CN Tower)
44.8%
22Honolulu (USS Arizona Memorial)
42.1%
# City % Correct
23Boston (Faneuil Hall)
41.4%
14Ottawa (Centre Block)
15.9%
10Mexico City (Palacio de Bellas Artes)
15.1%
17Salt Lake City (Temple)
14.4%
3Cleveland (Rock n' Roll Hall of Fame)
12.4%
12Oklahoma City (National Memorial)
12.2%
13New Orleans (Saint Louis Cathedral)
11.8%
21Dallas (Reunion Tower)
9.8%
24Milwaukee (Art Museum)
6.2%
25Miami (Freedom Tower)
5.4%
18Houston (City Hall)
5.4%
9Havana (Castillo del Morro)
5%
Remove Ads.
Support Sporcle.
Get the best of Sporcle when you Go Orange. This ad-free experience offers more features, more stats, and more fun while also helping to support Sporcle. Thank you for becoming a member.

You're not logged in!

Compare scores with friends on all Sporcle quizzes.
OR
Log In

Show Comments

Extras

Top Quizzes Today


Score Distribution

Your Account Isn't Verified!

In order to create a playlist on Sporcle, you need to verify the email address you used during registration. Go to your Sporcle Settings to finish the process.

Report this User

Report this user for behavior that violates our Community Guidelines.

Details: